| 000 | 00625nam a2200181 4500 | ||
|---|---|---|---|
| 001 | 126307 | ||
| 003 | ES-MaACL | ||
| 005 | 20230906192809.0 | ||
| 007 | t| | ||
| 008 | 070214s1967 sp r ||||1| spa d | ||
| 245 | 0 | 3 |
_aLa remuneración y sus elementos psicológicos / _c[traducción y revisión: Bernardo Muñoz]. |
| 260 |
_aBarcelona : _bSagitario, _c1967. |
||
| 300 |
_a119 p. ; _c21 cm. |
||
| 500 | _aPrecede al tít.: O. I. C. O. S. | ||
| 700 | 1 |
_aMuñoz, Bernardo. _984296 |
|
| 710 | 2 |
_aOrganizacion Interempresarial para la Coordinación de la Investigación Social. _96066 |
|
| 852 |
_aES-MaACL _jC-33469 _bR.63994 |
||
| 999 |
_c126307 _d126307 |
||